000 01200nam a2200301 i 4500
003 EG-GICUC
005 20260121101717.0
008 260111s1997 ua ||||fr|||| 00| 0 ara d
040 _a EG-GICUC
_bara
_c EG-GICUC
_d EG-GICUC
_erda
041 0 _aara
082 0 4 _221
_a345.666
_bث ر . م
092 0 4 _221
099 _aLaw1 07 345.666 ث ر . م 1997
100 0 _aثروت عبد العال أحمد
_eمؤلف.
245 1 0 _aمعيار تمييز العمل القضائي :
_bوتطبيقه على قرارات مجالس التأديب الخاصة /
_cدكتور ثروت عبد العال أحمد.
264 1 _aالقاهرة :
_bدار النهضة العربية،
_c1997.
300 _a178 ؛ صفحة
_c24 سم.
336 _2rda content
_atext
337 _2rda media
_aComputer
338 _2rda carrier
_aOnline Resource
504 _a.170-176 ببليوجرافيا: صفحات
546 _aالنص باللغة العربية
650 1 4 _aتنفيذ القرارات الإدارية عن طريق القضاء
650 1 4 _aالقانون الإداري
856 4 0 _uhttps://fll.law.cu.edu.eg/fulltext/bks/B07-02379.pdf
905 _a77
942 _2ddc
_cBK
_e21
_n0
999 _c56392
_d56392